000 00850nas a2200277 4500
001 BR0100233
003 BR-BrBNA
005 20231205102015.0
007 ta
008 230509b bl.|||p| |||| 00| 00por d
040 _aBR-BrBNA
_bpor
_cBiblioteca Nacional de Agricultura
041 _a(Pt)
072 _aL72
100 1 _aCutolo, A.A.
100 1 _aLabruna, M.B.
100 1 _aTonin, F.B.
100 1 _aSartor, I.F.
245 1 _aAmblyomma calcaratum parasitando tamandua-bandeira (Myrmecophaga tridactyla)em Sao Paulo
650 _aTamandua
650 _aCarrapato
650 _aParasito de Animal
650 _aSao Paulo
773 0 _tArquivo Brasileiro de Medicina Veterinaria e Zootecnia (Brazil)
_xISSN 0102-0935
_g(Apr 2000), v. 52(2) p. 152-153
_wBR0100233
909 _a202311
_bLúcia
_c55
_dLúcia Elande
942 _2AGRIS
_n0
_cANA
999 _c165224
_d165224